|
|
|
|
| LEADER |
01040nam a2200265 a 4500 |
| 001 |
18204 |
| 003 |
BD-DhAAL |
| 008 |
090405s1985 maua b 001 0 eng d |
| 999 |
|
|
|c 61
|d 61
|
| 010 |
|
|
|a 84002786
|
| 020 |
|
|
|a 0201125803 :
|c $38.95
|
| 040 |
|
|
|a DLC
|c DLC
|d DLC
|d BD-DhAAL
|
| 082 |
0 |
0 |
|a 621.38173
|2 19
|
| 100 |
1 |
|
|a Glasser, Lance A.
|9 41196
|
| 245 |
1 |
4 |
|a The design and analysis of VLSI circuits /
|c Lance A. Glasser, Daniel W. Dobberpuhl.
|
| 260 |
|
|
|a Reading, Mass. :
|b Addison Wesley,
|c c1985.
|
| 300 |
|
|
|a xiii, 473 pages :
|b illustrations ;
|c 25 cm.
|
| 490 |
0 |
|
|a The VLSI systems series
|
| 504 |
|
|
|a Includes bibliographical references and index.
|
| 541 |
1 |
|
|e 18204
|
| 650 |
|
0 |
|a Integrated circuits
|x Very large scale integration.
|9 41197
|
| 700 |
1 |
|
|a Dobberpuhl, Daniel W.
|9 41198
|
| 852 |
|
|
|a Ayesha Abed Library
|j General Stacks
|
| 942 |
|
|
|2 ddc
|c BK
|
| 952 |
|
|
|0 0
|1 0
|2 ddc
|4 0
|6 621_381730000000000_GLA_1985
|7 0
|9 57
|a BRACUL
|b BRACUL
|c GEN
|d 2009-04-28
|g 8375.00
|l 6
|m 45
|o 621.38173 GLA
|p 3010018204
|r 2019-04-23
|s 2019-01-19
|t 1
|w 2009-04-28
|y BK
|